| 000 | 01413nam0a2200325 4500 | ||
|---|---|---|---|
| 001 | RU\NLR\bibl\1139716 | ||
| 005 | 20260406090605.0 | ||
| 010 |
_a978-5-89846-584-1 _9500 |
||
| 021 |
_aRU _b2007-59677 _93189 |
||
| 035 | _a(NLR Aleph) 001126581 | ||
| 090 |
_a1331367 _c1331367 |
||
| 100 | _a20071012d2007 |||y0rusy50 ca | ||
| 101 | 0 |
_arus _aost |
|
| 102 | _aRU | ||
| 105 | _aa ||||||||| | ||
| 200 | 1 |
_aЛитература _e7-8 класс _eучебная хрестоматия для учащихся общеобразовательных учреждений на хантыйском языке (казымский диалект) _fЕ. А. Немысова |
|
| 210 |
_aХанты-Мансийск _cПолиграфист _d2007 |
||
| 215 |
_a98, [1] с. _cцв. ил. _d22 |
||
| 300 | _aНа обл. подзаг незначит. изменен | ||
| 320 | _aБиблиогр. в тексте | ||
| 606 | 1 |
_aХантыйская литература _jХрестоматии для национальной школы _92195184 _3RU\NLR\auth\661319385 |
|
| 686 | _aШ5(2=Хан)я7-3 | ||
| 700 | 1 |
_4070 _8rus _7ca _aНемысова _bЕ. А. _f1936- _gЕвдокия Андреевна _3RU\NLR\AUTH\7758480 _941412 |
|
| 801 | 0 |
_aRU _bNLR _c20071012 _gRCR |
|
| 801 | 1 |
_aRU _bNLR _c20071012 |
|
| 852 |
_aNLR _bОНЛ _jХант./3-163 |
||
| 942 | _cBOOK | ||
| 980 | _aNB | ||